000 00714nam a22001937a 4500
005 20250922100658.0
008 250910b |||||||| |||| 00| 0 eng d
020 _a9780367358105
082 _aDC 378.125 Ol21 2023
100 _aO'leary, Matt.
_967356
245 _aDeveloping excellence in teaching and learning in higher education through observation /
_cMatt O'leary and Vanessa Cui.
260 _aNew York :
_bRoutledge,
_c ©2023.
300 _aviii, 224 pages :
_billustrations ;
_c23 cm.
500 _aIncludes references and index.
650 0 _aCollege teaching
_xEvaluation.
_967999
650 0 _aObservation (Educational method).
_968000
700 _aCui, Vanessa.
_967357
_eauthor.
942 _2ddc
_cDC
999 _c23721
_d23721